Transition to a Market Economy at the End of the 20th Century Eleventh International Economic History Congress. Session A-3, September 12-17, 1994, Milano
Na minha lista:
| Outros Autores: | |
|---|---|
| Formato: | Livro |
| Idioma: | inglês |
| Publicado em: |
München
Südosteuropa-Gesellschaft
1994
|
| Edição: | 1. ed. |
| Colecção: | Südosteuropa-Studie
Bd. 54 |
| Assuntos: | |
| Tags: |
Sem tags, seja o primeiro a adicionar uma tag!
|
MARC
| LEADER | 00000nam a2200000 4500 | ||
|---|---|---|---|
| 001 | c018922 | ||
| 005 | 20221214075006.0 | ||
| 020 | |a 3-925450-44-0 | ||
| 041 | 0 | |a eng | |
| 044 | |a DE | ||
| 245 | 1 | 0 | |a Transition to a Market Economy at the End of the 20th Century |b Eleventh International Economic History Congress. Session A-3, September 12-17, 1994, Milano |c Edit. Ivan T. Berend |
| 250 | |a 1. ed. | ||
| 264 | 1 | |a München |b Südosteuropa-Gesellschaft |c 1994 | |
| 300 | |a 272 s. | ||
| 490 | 1 | |a Südosteuropa-Studie |v Bd. 54 | |
| 830 | 0 | |a Südosteuropa-Studie |v Bd. 54 | |
| 610 | 2 | 0 | |a hospodárstvo trhové |
| 610 | 2 | 0 | |a politika hospodárska |
| 610 | 2 | 0 | |a politika hospodárska medzinárodná |
| 610 | 2 | 0 | |a východná Európa |
| 610 | 2 | 0 | |a stredná Európa |
| 700 | 1 | |a Berend, Ivan T. | |